LEADER 01201nam a2200265 i 4500 001 000000055490 003 CaOOAMICUS 005 20101220000000.0 008 101220s1997 it u000 u ita u 013 $a26662 020 $a88-86655-18-5 040 $aSeMil$bita 100 1 $aDell'Oro, Ferdinando .$0(OLS)http://semarc/name/89107 245 10$aBeatificazione e canonizzazione :$b«excursus» storico-liturgico /$cFerdinando Dell'Oro , SDB. 260 $aRoma :$bCLV Edizioni Liturgiche,$ccopyr. 1997. 300 $a193 p. ;$c24 cm. 490 0 $aBibliotheca Ephemerides Liturgicae. Subsidia ;$v89 650 4$aSanti - Canonizzazione.$0(OLS)http://semarc/subject/1571 830 0$aBibliotheca Ephemerides Liturgicae. Subsidia ;$v89.$0(OLS)http://semarc/title/38 850 $aSeMil 852 $aSeMil$W1$xVenegono$y1$m3KA A 89$j226718$B21644$CSeMilBibl$Z2$F21646 $81 961 $aAcquisto: Casa editrice 996 $6020$a88-86655-18-5$9(OLS)http://semarc/number/30558 996 $6245$aBeatificazione e canonizzazione :$b«excursus» storico-liturgico$9(OLS)http://semarc/title/86075 996 $6260$aRoma :$bCLV Edizioni Liturgiche$9(OLS)http://semarc/publisher/29627 LEADER 01019nam a2200241 i 4500 001 000000208204 003 CaOOAMICUS 005 20111115000000.0 008 111115s1835 it u000 u ita u 013 $a186987 040 $aSeMil$bita 245 10$aSaggio di poesie alemanne /$crecate in versi italiani da Antonio Bellati. 250 $aEd. nuovissima. 260 $aMilano :$bper Antonio Fontana,$c1835. 300 $aXIX, 320 p. ;$c17 cm. 490 0 $aOperette di lettura piacevole ed istruttiva 650 4$aPoesia tedesca - Antologie.$0(OLS)http://semarc/subject/11772 700 1 $aBellati, Antonio,$d.$0(OLS)http://semarc/name/74740 830 0$aOperette di lettura piacevole ed istruttiva.$0(OLS)http://semarc/title/34376 850 $aSeMil 852 $aSeMil$W1$xVenegono$y1$m1S III 47 FA$j158662$B158662$CSeMilBibl$Z2$F169831 $8I 996 $6245$aSaggio di poesie alemanne$9(OLS)http://semarc/title/301097 996 $6260$aMilano :$bper Antonio Fontana$9(OLS)http://semarc/publisher/37986